Outlines of Muhammadan law (Record no. 184580)
[ view plain ]
| 000 -LEADER | |
|---|---|
| fixed length control field | 01038 a2200217 4500 |
| 003 - CONTROL NUMBER IDENTIFIER | |
| control field | Nust |
| 005 - DATE AND TIME OF LATEST TRANSACTION | |
| control field | 20221226114314.0 |
| 010 ## - LIBRARY OF CONGRESS CONTROL NUMBER | |
| LC control number | 77359245 |
| 020 ## - INTERNATIONAL STANDARD BOOK NUMBER | |
| International Standard Book Number | 0195648145 |
| 040 ## - CATALOGING SOURCE | |
| Transcribing agency | Nust |
| 082 ## - DEWEY DECIMAL CLASSIFICATION NUMBER | |
| Classification number | 340.59,FYZ |
| 100 ## - MAIN ENTRY--PERSONAL NAME | |
| Personal name | Fyzee, Asaf Ali Asghar, |
| 9 (RLIN) | 105900 |
| 245 ## - TITLE STATEMENT | |
| Title | Outlines of Muhammadan law |
| Statement of responsibility, etc. | Asaf A. A. Fyzee |
| 250 ## - EDITION STATEMENT | |
| Edition statement | 4th ed |
| 260 ## - PUBLICATION, DISTRIBUTION, ETC. | |
| Place of publication, distribution, etc. | Oxford University Press |
| Name of publisher, distributor, etc. | Delhi |
| Date of publication, distribution, etc. | 1974 |
| 300 ## - PHYSICAL DESCRIPTION | |
| Extent | xix, 520 p |
| Other physical details | [2] fold. leaves of plates |
| Dimensions | 23 cm |
| 505 ## - FORMATTED CONTENTS NOTE | |
| Formatted contents note | Introduction To The Study Of Muhammadan Law (Page-1), Application And Interpretation (Page-55), Marraiage (Page-88), Dower (Page-132), Dissolution Of Marriage (Page-146), Parentage And Legitimacy (Page-189), Guardianship (Page-197), Maintenance (Page-211), Gifts (Page-217), Wakf (Page-274), Pre-Empton (Page-333), Will And Gifts Made In Deathillness (Page-355), The Administration Of Estates (Page-375), The Sunnite Law Of Inheritance (Page-387). |
| 600 ## - SUBJECT ADDED ENTRY--PERSONAL NAME | |
| Personal name | Fyzee, Asaf Ali Asghar, |
| 9 (RLIN) | 105900 |
| 650 ## - SUBJECT ADDED ENTRY--TOPICAL TERM | |
| Topical term or geographic name entry element | Outlines of Muhammadan law |
| 9 (RLIN) | 105901 |
| 942 ## - ADDED ENTRY ELEMENTS (KOHA) | |
| Source of classification or shelving scheme | |
| Koha item type | Book |
| Withdrawn status | Lost status | Source of classification or shelving scheme | Damaged status | Not for loan | Permanent Location | Current Location | Shelving location | Date acquired | Full call number | Barcode | Date last seen | Price effective from | Koha item type | Public note |
|---|---|---|---|---|---|---|---|---|---|---|---|---|---|---|
| Military College of Signals (MCS) | Military College of Signals (MCS) | General Stacks | 12/12/2016 | 340.59,FYZ | MCS33811 | 12/08/2016 | 12/12/2016 | Book | Almirah No.73, Shelf No.6 | |||||
| Military College of Signals (MCS) | Military College of Signals (MCS) | General Stacks | 12/12/2016 | 340.59FYZ | MCS33812 | 12/08/2016 | 12/12/2016 | Book | Almirah No.50, Shelf No.5 |
